Bewerber für die Bundesliga - Statistiken

Allgemein
  • Dieses Quiz wurde 89 mal gespielt
  • Das Durchschnittsergebnis liegt bei 30 aus 46
Antwortstatistiken
Verein Erste Saison % Korrekt
FC Bayern München 1965/66
99%
1. FC Köln 1963/64
94%
Hamburger SV 1963/64
94%
Borussia Dortmund 1963/64
93%
VfB Stuttgart 1963/64
93%
1. FC Nürnberg 1963/64
92%
Hertha BSC 1963/64
92%
Eintracht Frankfurt 1963/64
89%
FC Schalke 04 1963/64
89%
TSV 1860 München 1963/64
89%
Werder Bremen 1963/64
89%
Holstein Kiel 2024/25
86%
SV Saar 05 Saarbrücken Noch nie
86%
1. FC Kaiserslautern 1963/64
85%
Fortuna Düsseldorf 1966/67
85%
Eintracht Braunschweig 1963/64
84%
Hannover 96 1964/65
84%
FC St. Pauli 1977/78
82%
Borussia Mönchengladbach 1965/66
80%
Karlsruher SC 1963/64
80%
Schwarz-Weiß Essen Noch nie
80%
Bayer 04 Leverkusen 1979/80
78%
MSV Duisburg 1963/64
78%
Alemannia Aachen 1967/68
76%
SpVgg Greuther Fürth 2012/13
76%
Preußen Münster 1963/64
74%
TSV Schwaben Augsburg Noch nie
74%
VfR Mannheim Noch nie
69%
Kickers Offenbach 1968/69
67%
Wuppertaler SV 1972/73
62%
VfL Osnabrück Noch nie
61%
Rot-Weiß Oberhausen 1969/70
58%
1. FC Saarbrücken 1963/64
55%
FC Bayern Hof Noch nie
51%
SC Tasmania 1900 Berlin 1965/66
47%
Borussia Neunkirchen 1964/65
41%
Westfalia Herne Noch nie
34%
1. FC Schweinfurt Noch nie
25%
Wormatia Worms Noch nie
20%
SC Viktoria Köln Noch nie
19%
FK Pirmasens Noch nie
18%
BFC Viktoria 1889 Noch nie
12%
KSV Hessen Kassel Noch nie
9%
SV Arminia Hannover Noch nie
8%
Hamborn 07 Noch nie
2%
Sportfreunde 05 Saarbrücken Noch nie
2%
Keine übereinstimmenden Quizze gefunden
Verteilung der Resultate
Anzahl Personen mit jedem Resultat
Perzentil nach korrekt beantworteten Fragen
Ihre Resultats-Entwicklung
Sie haben dieses Quiz noch nicht gespielt